000 00841nam a22002297a 4500
005 20090703122255.0
008 090703t xxu||||| |||| 00| 0 eng d
010 _aB-343089
020 _a8176565407
_c540.00
035 _aB-343089
037 _aUBH
_bRP/CL/Eng/E:16/18.609/23.6.09/25.6.09
040 _aDPL
_bEng.
082 _a005.2768
_b1
100 _aPetroutsos, Evangelos
245 _aMastering visual basic-net/
_cby Evangelos Petroutsos
_hEng.
260 _aNew Delhi
_bBPB Publication
_c2005
270 _aB-14, Connaught Place
_bNew Delhi
_e110001
300 _axxiii,1153p.
_c24cm.
942 _2ddc
_cEN
999 _c28057
_d28057